000
002480000a22000970004500
100
1
_a
Walsh, Jerome T.
245
1
0
_a
The context of 1 Kings 13
300
_a
Vol. 39, Num. 3 (Julio, 1989), Páginas 355-370
773
0
_t
Vetus Testamentum
942
_c
ANA
999
_c
57526
_d
57526